000 00549nam a22001937a 4500
003 OSt
005 20180116183028.0
008 151216b xxu||||| |||| 00| 0 eng d
020 _a02-550-96-1
024 _202-550-96-1
040 _cLahore LUMS
082 _a174.4 LUM 1996
100 _aSipra N, Ishfaq F
245 _aDECLINE OF THE PAKISTANI RUPEE
_cSipra N, Ishfaq F
260 _aLahore LUMS
_b Lahore University of Management Sciences
_c1996
300 _a19 p.
_bPapers
440 _aDECLINE OF THE PAKISTANI RUPEE
942 _2ddc
_cCS
999 _c350888
_d350888